Qui c'est qui est à qui #2 (Percy Jackson) - Statistiques

Statistiques générales
  • Ce quiz a été pris 135 fois
  • Le résultat moyen est 6 sur 14
Statistiques - réponses
Hint Réponse % Correct
Annabeth Chase Athéna
94%
Tyson Poséidon
92%
Luke Castellan Hermès
91%
Silena Beauregard Aphrodite
80%
Katie Gardner Déméter
61%
Hadès Nico di Angelo
59%
Zeus Thalia Grace
49%
Arès Clarisse La Rue
42%
Héphaïstos Charles Beckendorf
31%
Dionysos Pollux
26%
Apollon Michael Yew
8%
Hestia à fait vœux de virginité éternelle
1%
Artémis à fait vœux de virginité éternelle
1%
Héra à fait vœux de virginité éternelle
1%
Aucun quiz correspondant
Distribution des résultats
% des personnes avec chaque résultat
Percentile par nombre de réponses
Votre historique - résultats
Vous n’avez pas pris ce quiz